00470nam a22001097a 4500008004100000050002200041245018300063260004000246300002000286440002500306800002900331140819b xxu||||| |||| 00| 0 eng d aKD279.4.L39(1986) aThe Law Reports Family Division: and on Appeal therefrom in the Court of Appeal and decisions in the Ecclesiastical Courts. /cedited by Carol Ellis and assisted by Alan Bray. / aLondon:bThe Berforts Group,c1986. axv,206p.c24cm. pFamily Division 1986 aEllis, CarolaBray, Alan